Sesión inaugural del curso 1982 a 1983 / (Record no. 112102)

MARC details
000 -LEADER
campo de control de longitud fija 00692nam a2200193 i 4500
001 - NÚMERO DE CONTROL
campo de control 112102
003 - IDENTIFICADOR DE NÚMERO DE CONTROL
campo de control ES-MaACL
005 - FECHA Y HORA DE LA ÚLTIMA TRANSACCIÓN
campo de control 20230906185437.0
007 - CAMPO FIJO DE DESCRIPCIÓN FÍSICA--INFORMACIÓN GENERAL
campo de control de longitud fija t|
008 - DATOS DE LONGITUD FIJA--INFORMACIÓN GENERAL
campo de control de longitud fija 061121s1982 sp r ||||1| spa d
100 1# - ENTRADA PRINCIPAL--NOMBRE DE PERSONA
Nombre de persona Navarro Mota, Diego.
9 (RLIN) 85153
245 10 - MENCIÓN DEL TÍTULO
Título Sesión inaugural del curso 1982 a 1983 /
Mención de responsabilidad, etc. discursos leídos por Diego Navarro Mora y Antonio Orozco Acuaviva.
260 ## - PUBLICACIÓN, DISTRIBUCIÓN, ETC.
Lugar de publicación, distribución, etc. Cádiz :
Nombre del editor, distribuidor, etc. [s.n],
Fecha de publicación, distribución, etc. 1982 (
Fabricante Imp. Ingrasa)
300 ## - DESCRIPCIÓN FÍSICA
Extensión 61 p. con 9 lám. ;
Dimensiones 22 cm.
594 ## - Nota al título y mención de responsabilidad
Nota al título y mención de responsabilidad Precede al tít.: Ateneo de Cádiz.
700 1# - ENTRADA AGREGADA--NOMBRE PERSONAL
Nombre de persona Orozco Acuaviva, Antonio.
9 (RLIN) 87340
710 2# - ENTRADA AGREGADA--NOMBRE DE ENTIDAD CORPORATIVA
Nombre de entidad corporativa o nombre de jurisdicción como elemento de entrada Ateneo Literario, Artístico y Científico de Cádiz.
9 (RLIN) 148715
852 ## - LOCALIZACIÓN
Ubicación ES-MaACL
Número de control de estantería L-5488
Sublocalización o colección R.105560
Holdings
Estatus retirado Estado de pérdida Estado de daño No para préstamo Biblioteca de origen Biblioteca actual Ubicación en estantería Fecha de adquisición Fuente de adquisición Total de préstamos Signatura topográfica completa Código de barras Visto por última vez Precio de reemplazo Tipo de ítem Koha
        Biblioteca del Ateneo de Madrid Biblioteca del Ateneo de Madrid Depósito 2 17/01/2008     L-5488 1116934 23/02/2023 23/02/2023 Libro impreso